000 00650nam a22001577a 4500
999 _c60782
_d60782
005 20231020124417.0
008 231020s1987 ru ||||| |||| 00| 0 rus d
041 _arus
080 _a821.14'01 Л-33
100 _aНейхардт, Л.
_920165
245 _aЛегенды и сказания Древней Греции и Древнего Рима.
_c
264 _aМ.:
_bПравда,
_c1987.
300 _a576 стр.:
_bил.:
_c21 см.
653 _aლეგენდები და ზღაპრები ძველი საბერძნეთისა და ძველი რომის შესახებ
942 _2udc
_cBK